| 000 | 00512nam a22001697a 4500 | ||
|---|---|---|---|
| 003 | NUST | ||
| 038 | _aNusrat Nadeem | ||
| 082 | _a200 | ||
| 100 |
_aZia Usman _9124510 |
||
| 245 |
_aImage Description using Deep Learning/ _cUsman Zia |
||
| 264 |
_aRawalpindi; _bMCS NUST; _c2022. |
||
| 300 |
_a114,p; _bill; _c30,cm. |
||
| 650 |
_aPhD- Computer Software Engineering _9124478 |
||
| 700 |
_aSupervisor;Dr Abdul Ghafoor _9119876 |
||
| 856 | _uhttp://10.250.8.41:8080/xmlui/handle/123456789/32291 | ||
| 942 |
_2ddc _cSC |
||
| 999 |
_c610348 _d610348 |
||